[Event "26. Copenhagen Open  (Politiken Cup)"]
[Site "Taastrup"]
[Date "2004.07.31"]
[Round "9"]
[White "Hansen, Sune Berg"]
[Black "Sagafos, Magne"]
[Result "1-0"]
[WhiteElo "2552"]
[BlackElo "2242"]
[PlyCount "83"]
[EventDate "2004.07.24"]
[EventType "swiss"]
[EventRounds "10"]
[EventCountry "DEN"]
[SourceDate "2004.01.01"]

1. e4 c5 2. Nf3 d6 3. Bc4 Nc6 4. d3 g6 5. O-O Bg7 6. a3 e6 7. Re1 Nge7 8. Nbd2
Rb8 9. Ba2 O-O 10. Nf1 b5 11. h3 Qb6 12. Ne3 b4 13. axb4 Nxb4 14. Bb1 d5 15. e5
Nbc6 16. Ng4 f5 17. exf6 Bxf6 18. Nxf6+ Rxf6 19. c3 Bd7 20. Nh2 Nf5 21. Re2 Kg7
22. Ng4 Rf7 23. Bc2 h5 24. Nh2 Re8 25. Nf3 e5 26. Ng5 Rf6 27. Bb3 Rd6 28. Ba2
Qa6 29. Re1 Rf6 30. Nf3 Rd6 31. Bg5 Qb6 32. Qc2 Nh6 33. Re2 Nf7 34. Be3 Bf5 35.
Nh4 d4 36. Nxf5+ gxf5 37. Bd2 e4 38. Ree1 exd3 39. Qxd3 Rxe1+ 40. Rxe1 Rf6 41.
Bxf7 Rxf7 42. Qg3+ 1-0

[Event "26. Copenhagen Open  (Politiken Cup)"]
[Site "Taastrup"]
[Date "2004.07.31"]
[Round "9"]
[White "Harstad, Christian"]
[Black "Asberg, Anders"]
[Result "0-1"]
[WhiteElo "2140"]
[BlackElo "1886"]
[PlyCount "52"]
[EventDate "2004.07.24"]
[EventType "swiss"]
[EventRounds "10"]
[EventCountry "DEN"]
[SourceDate "2004.01.01"]

1. d4 Nf6 2. c4 c5 3. d5 b5 4. cxb5 a6 5. f3 d6 6. e4 g6 7. Nc3 Bg7 8. Bc4 O-O
9. Nge2 Nbd7 10. f4 axb5 11. Bxb5 Ba6 12. Bxa6 Rxa6 13. Qd3 Qb6 14. h3 Rc8 15.
Be3 c4 16. Qd2 Nc5 17. Bxc5 Qxc5 18. O-O-O Nd7 19. h4 Qb6 20. Kb1 Nc5 21. Nc1
Rb8 22. Rh3 Ra3 23. Re1 Nd3 24. Rxd3 cxd3 25. e5 dxe5 26. fxe5 Bh6 0-1

[Event "26. Copenhagen Open  (Politiken Cup)"]
[Site "Taastrup"]
[Date "2004.07.31"]
[Round "9"]
[White "Hein, Jacob"]
[Black "Hansen, Erik Friberg"]
[Result "1-0"]
[WhiteElo "1351"]
[BlackElo "1286"]
[PlyCount "55"]
[EventDate "2004.07.24"]
[EventType "swiss"]
[EventRounds "10"]
[EventCountry "DEN"]
[SourceDate "2004.01.01"]

1. d4 d5 2. c4 e6 3. Nf3 Nf6 4. cxd5 exd5 5. g3 Be7 6. Nbd2 O-O 7. Bg2 Be6 8.
O-O Nbd7 9. Qc2 Rc8 10. e4 dxe4 11. Nxe4 c6 12. Nfg5 Nxe4 13. Nxe6 fxe6 14.
Qxe4 Rf6 15. Bh3 Nf8 16. Be3 Qd5 17. Qd3 Rd8 18. Rfd1 c5 19. Qa3 Qc6 20. Bg2
Qb6 21. dxc5 Rxd1+ 22. Rxd1 Qc7 23. Qxa7 Nd7 24. c6 Qb8 25. cxb7 Qxa7 26. Bxa7
Rf8 27. Rxd7 Re8 28. Rxe7 1-0

[Event "26. Copenhagen Open  (Politiken Cup)"]
[Site "Taastrup"]
[Date "2004.07.31"]
[Round "9"]
[White "Helin, Mikael"]
[Black "Schmied, Andreas"]
[Result "1-0"]
[WhiteElo "1939"]
[BlackElo "2106"]
[PlyCount "53"]
[EventDate "2004.07.24"]
[EventType "swiss"]
[EventRounds "10"]
[EventCountry "DEN"]
[SourceDate "2004.01.01"]

1. e4 c5 2. c4 Nc6 3. Nc3 g6 4. g3 Bg7 5. Bg2 d6 6. d3 e6 7. Bf4 Nge7 8. Qd2
Nd4 9. Rb1 h5 10. h4 Nec6 11. f3 Nb4 12. Kf2 Nbc6 13. b3 Ne5 14. Nce2 Nxe2 15.
Nxe2 Qb6 16. Rhd1 Nd7 17. a3 a5 18. Be3 e5 19. b4 axb4 20. axb4 Qc7 21. Nc3 Nf6
22. bxc5 dxc5 23. Rb5 Bf8 24. Bg5 Nh7 25. Nd5 Qc6 26. Rb6 Qd7 27. Bf6 1-0

[Event "26. Copenhagen Open  (Politiken Cup)"]
[Site "Taastrup"]
[Date "2004.07.31"]
[Round "9"]
[White "Hjelm, Niclas"]
[Black "Vuilleumier, Alex"]
[Result "1-0"]
[WhiteElo "2339"]
[BlackElo "2259"]
[PlyCount "113"]
[EventDate "2004.07.24"]
[EventType "swiss"]
[EventRounds "10"]
[EventCountry "DEN"]
[SourceDate "2004.01.01"]

1. d4 d5 2. c4 e6 3. Nf3 Nf6 4. Bg5 Be7 5. Nc3 h6 6. Bh4 O-O 7. e3 b6 8. Bd3
Bb7 9. O-O Nbd7 10. Bg3 dxc4 11. Bxc4 Bd6 12. Rc1 Bxg3 13. hxg3 c5 14. Qe2 Ne4
15. Nxe4 Bxe4 16. Rfd1 Qe7 17. Bb5 Rfd8 18. Bxd7 Rxd7 19. dxc5 Rxd1+ 20. Qxd1
bxc5 21. Qa4 Bxf3 22. gxf3 Qf6 23. Qe4 Rd8 24. Rc2 Rd5 25. Kg2 g6 26. Qa4 Qd8
27. Qxa7 Rd1 28. Qxc5 Qd3 29. Qc4 Qf5 30. Qb3 Rd3 31. g4 Rxb3 32. gxf5 Rb7 33.
fxe6 fxe6 34. f4 Kf7 35. b3 Kf6 36. Kg3 Rb5 37. Rb2 g5 38. b4 gxf4+ 39. Kxf4 h5
40. a4 Rg5 41. f3 h4 42. b5 h3 43. Rh2 Rc5 44. Rxh3 Rc4+ 45. e4 Rxa4 46. Rh6+
Kf7 47. Ke5 Rb4 48. Rf6+ Kg7 49. Rxe6 Rxb5+ 50. Kf4 Kf7 51. Ra6 Rh5 52. e5 Rh1
53. Kf5 Rh5+ 54. Ke4 Rh1 55. f4 Rh2 56. Ra7+ Ke8 57. f5 1-0

[Event "26. Copenhagen Open  (Politiken Cup)"]
[Site "Taastrup"]
[Date "2004.07.31"]
[Round "9"]
[White "Holstein, Erik"]
[Black "Munk, Poul"]
[Result "1-0"]
[WhiteElo "2103"]
[BlackElo "1992"]
[PlyCount "57"]
[EventDate "2004.07.24"]
[EventType "swiss"]
[EventRounds "10"]
[EventCountry "DEN"]
[SourceDate "2004.01.01"]

1. e4 e6 2. d4 d5 3. Nd2 dxe4 4. Nxe4 Nd7 5. Nf3 Ngf6 6. Nxf6+ Nxf6 7. c3 Be7
8. Be2 O-O 9. Ne5 c5 10. O-O cxd4 11. cxd4 Nd5 12. Re1 Bb4 13. Bd2 Bxd2 14.
Qxd2 Bd7 15. Rac1 Rc8 16. Rc5 f6 17. Nxd7 Qxd7 18. Bg4 f5 19. Bf3 b6 20. Rxc8
Rxc8 21. g3 Kf7 22. Re5 g6 23. g4 Ne7 24. d5 Nxd5 25. Bxd5 exd5 26. Qh6 Kf6 27.
f4 Rg8 28. gxf5 Qg7 29. Qg5+ 1-0

[Event "26. Copenhagen Open  (Politiken Cup)"]
[Site "Taastrup"]
[Date "2004.07.31"]
[Round "9"]
[White "Hvenekilde, Jorgen"]
[Black "Nielsen, Borge Hjerrild"]
[Result "1/2-1/2"]
[WhiteElo "2239"]
[BlackElo "2097"]
[PlyCount "122"]
[EventDate "2004.07.24"]
[EventType "swiss"]
[EventRounds "10"]
[EventCountry "DEN"]
[SourceDate "2004.01.01"]

1. d4 d5 2. Nf3 Nf6 3. Bf4 Bf5 4. e3 e6 5. Bd3 Bxd3 6. Qxd3 c6 7. Nbd2 Bd6 8.
Bg3 Bxg3 9. hxg3 Qb6 10. O-O-O Nbd7 11. Kb1 O-O-O 12. Ng5 Rdf8 13. Nxh7 Nxh7
14. Rxh7 Rhg8 15. Qa3 c5 16. dxc5 Qxc5 17. Qxc5+ Nxc5 18. f3 Rd8 19. c3 Nd7 20.
g4 Nf8 21. Rhh1 Ng6 22. Rh5 Kc7 23. Nf1 Kc6 24. Ng3 Rd7 25. Rdh1 Kd6 26. Rh7
Ke7 27. Nh5 Kf8 28. Nf4 Nxf4 29. exf4 g6 30. Kc2 Rc7 31. Kd3 Rc4 32. g3 Ke7 33.
Rh8 Rcc8 34. Rxg8 Rxg8 35. Kd4 Rc8 36. Rh7 Kf6 37. g5+ Ke7 38. b3 b5 39. a3 a5
40. Rh1 a4 41. Rb1 Kf8 42. Kd3 Ra8 43. bxa4 Rxa4 44. Rb3 Ke7 45. Rxb5 Rxa3 46.
Rb7+ Kf8 47. g4 Kg7 48. Rc7 Ra1 49. Rc5 Rf1 50. Ke2 Rg1 51. f5 gxf5 52. Kf2 Rc1
53. gxf5 exf5 54. Kg3 Rd1 55. Kf4 Rd3 56. Rc6 d4 57. cxd4 Rxd4+ 58. Kxf5 Ra4
59. Rc5 Ra3 60. f4 Rg3 61. Rc4 Rg1 1/2-1/2

[Event "26. Copenhagen Open  (Politiken Cup)"]
[Site "Taastrup"]
[Date "2004.07.31"]
[Round "9"]
[White "Jacobsen, Hans Endrup"]
[Black "Tuomainen, Jari"]
[Result "0-1"]
[WhiteElo "2102"]
[BlackElo "1767"]
[PlyCount "64"]
[EventDate "2004.07.24"]
[EventType "swiss"]
[EventRounds "10"]
[EventCountry "DEN"]
[SourceDate "2004.01.01"]

1. e4 c5 2. Nc3 e6 3. f4 d6 4. Nf3 Nc6 5. Bb5 Be7 6. O-O Qc7 7. d3 Bd7 8. Be3
Nf6 9. a4 a6 10. Bc4 O-O 11. h3 Rad8 12. g4 Bc8 13. g5 Nh5 14. Nh2 g6 15. Qf3
Nd4 16. Bxd4 cxd4 17. Ne2 Qc5 18. Ng4 b5 19. axb5 axb5 20. Bb3 Bb7 21. Ng3 Ng7
22. Qe2 d5 23. Kh2 dxe4 24. dxe4 Ra8 25. h4 Rfd8 26. Rxa8 Bxa8 27. Qd3 Bb7 28.
Nh6+ Kf8 29. f5 gxf5 30. exf5 Qc6 31. Rf2 Bd6 32. fxe6 Qh1# 0-1

[Event "26. Copenhagen Open  (Politiken Cup)"]
[Site "Taastrup"]
[Date "2004.07.31"]
[Round "9"]
[White "Jakobsen, Ole"]
[Black "Hartvig, Ove Weiss"]
[Result "1-0"]
[WhiteElo "2379"]
[BlackElo "2270"]
[PlyCount "35"]
[EventDate "2004.07.24"]
[EventType "swiss"]
[EventRounds "10"]
[EventCountry "DEN"]
[SourceDate "2004.01.01"]

1. d4 f5 2. Nc3 Nf6 3. Bg5 e6 4. e4 fxe4 5. Nxe4 Be7 6. Nxf6+ Bxf6 7. h4 c5 8.
Bxf6 Qxf6 9. Qh5+ g6 10. Qxc5 Nc6 11. Nf3 b6 12. Qd6 Bb7 13. O-O-O O-O-O 14. d5
Ne7 15. Rd4 Nxd5 16. Rc4+ Bc6 17. Rxc6+ dxc6 18. Ba6# 1-0

[Event "26. Copenhagen Open  (Politiken Cup)"]
[Site "Taastrup"]
[Date "2004.07.31"]
[Round "9"]
[White "Jensen, Jan Erik"]
[Black "Larsen, Alex"]
[Result "1-0"]
[WhiteElo "1259"]
[BlackElo "1182"]
[PlyCount "99"]
[EventDate "2004.07.24"]
[EventType "swiss"]
[EventRounds "10"]
[EventCountry "DEN"]
[SourceDate "2004.01.01"]

1. e4 g6 2. d4 c6 3. Nc3 Bg7 4. Nf3 d5 5. e5 Bg4 6. h3 Bxf3 7. Qxf3 e6 8. Bd3
Qb6 9. Ne2 Nd7 10. c3 Ne7 11. b4 a5 12. bxa5 Rxa5 13. O-O Qc7 14. Bg5 c5 15.
Rfc1 c4 16. Bc2 h6 17. Bxe7 Kxe7 18. Rcb1 Rha8 19. Rb2 Ra3 20. Qe3 Nf8 21. Rab1
Rb8 22. Qd2 Nh7 23. Bd1 Ng5 24. f3 f6 25. exf6+ Bxf6 26. h4 Nf7 27. Nf4 Nh8 28.
Qe3 Qd7 29. Re2 Ra6 30. g3 b5 31. Rbb2 Rd6 32. Bc2 g5 33. hxg5 Bxg5 34. Kg2 Qe8
35. Nxd5+ Kf7 36. Nf4 Bxf4 37. Qxf4+ Ke7 38. Qxh6 Kd7 39. Be4 Kc7 40. Qg5 Qe7
41. Qc5+ Kd8 42. Rxb5 Rxb5 43. Qxb5 Nf7 44. Rb2 Qc7 45. Bg6 Ke7 46. Bxf7 Kxf7
47. Qh5+ Kg7 48. Rb5 Rd5 49. Rxd5 exd5 50. Qxd5 1-0

[Event "26. Copenhagen Open  (Politiken Cup)"]
[Site "Taastrup"]
[Date "2004.07.31"]
[Round "9"]
[White "Jensen, Jannick"]
[Black "Tidman, Sophie E"]
[Result "0-1"]
[WhiteElo "1994"]
[BlackElo "2133"]
[PlyCount "114"]
[EventDate "2004.07.24"]
[EventType "swiss"]
[EventRounds "10"]
[EventCountry "DEN"]
[SourceDate "2004.01.01"]

1. e4 e6 2. d3 c5 3. g3 Nc6 4. Bg2 d6 5. Nf3 g6 6. O-O Bg7 7. Nbd2 Nge7 8. Re1
O-O 9. Nf1 e5 10. h4 f5 11. N1h2 h6 12. Kh1 Kh8 13. c3 Rb8 14. Be3 f4 15. Bd2
Ng8 16. Ng1 Be6 17. Ne2 Nf6 18. Rg1 Ng4 19. Nxg4 Bxg4 20. Bf1 Qf6 21. Qe1 Rf7
22. Nc1 Rbf8 23. Bg2 fxg3 24. fxg3 Qe6 25. Be3 Bf3 26. Kh2 g5 27. Bh3 g4 28.
Bg2 c4 29. Qd2 Qg6 30. dxc4 Bxe4 31. Bxe4 Qxe4 32. Nb3 Qxc4 33. Rg2 Rf6 34. Rd1
Ne7 35. Bxa7 Nf5 36. Nc1 Qa4 37. Bg1 e4 38. b3 Qc6 39. Ne2 Re6 40. c4 e3 41.
Qd3 Be5 42. Rf1 Ref6 43. Rxf5 Rxf5 44. Bxe3 R5f6 45. Nf4 Qe8 46. c5 Qf7 47.
cxd6 Rxd6 48. Qe4 Re8 49. Qc2 Rc6 50. Qd2 Rd6 51. Qc2 Rf6 52. Nd3 Ba1 53. Bf4
Rfe6 54. Rf2 Qe7 55. Qc1 Bg7 56. a4 Re2 57. Bxh6 Bd4 0-1

[Event "26. Copenhagen Open  (Politiken Cup)"]
[Site "Taastrup"]
[Date "2004.07.31"]
[Round "9"]
[White "Jensen, Paul Johan"]
[Black "Lund-Petersen, Rasmus"]
[Result "0-1"]
[WhiteElo "1358"]
[BlackElo "1678"]
[PlyCount "78"]
[EventDate "2004.07.24"]
[EventType "swiss"]
[EventRounds "10"]
[EventCountry "DEN"]
[SourceDate "2004.01.01"]

1. c4 Nf6 2. g3 e6 3. Bg2 d5 4. cxd5 exd5 5. d4 Bd6 6. Nc3 O-O 7. Bg5 c6 8. Qd3
h6 9. h4 Bg4 10. O-O-O Nbd7 11. f3 Bh5 12. f4 Qa5 13. Bxf6 Nxf6 14. Bf3 Bg4 15.
h5 b5 16. Rh4 Bxf3 17. exf3 b4 18. Nb1 c5 19. dxc5 Qxc5+ 20. Kd2 Qf2+ 21. Ne2
Rfe8 22. Rhh1 Rac8 23. Rde1 Bc5 24. Rhf1 Be3+ 25. Kd1 Qh2 26. Rh1 Qg2 27. Ref1
Nxh5 28. Nd2 Bxd2 29. Qxd2 Rxe2 30. Qxe2 Qxe2+ 31. Kxe2 Nxg3+ 32. Kd3 Rc4 33.
Rc1 Nxh1 34. Rxc4 dxc4+ 35. Kxc4 h5 36. Kxb4 h4 37. Ka5 h3 38. Ka6 Nf2 39. Kxa7
h2 0-1

[Event "26. Copenhagen Open  (Politiken Cup)"]
[Site "Taastrup"]
[Date "2004.07.31"]
[Round "9"]
[White "Jensen, Sren"]
[Black "Lynge, Torben"]
[Result "1-0"]
[WhiteElo "1609"]
[BlackElo "1916"]
[PlyCount "159"]
[EventDate "2004.07.24"]
[EventType "swiss"]
[EventRounds "10"]
[EventCountry "DEN"]
[SourceDate "2004.01.01"]

1. Nf3 Nc6 2. c4 e5 3. Nc3 Nf6 4. d3 h6 5. g3 Bc5 6. Bg2 a6 7. O-O d6 8. a3 Bd7
9. b4 Bb6 10. e3 Rc8 11. Na4 Ba7 12. Bb2 Ne7 13. Re1 O-O 14. Nc3 Bg4 15. h3
Bxf3 16. Bxf3 c6 17. a4 Re8 18. b5 d5 19. Qb3 Qd7 20. b6 Bb8 21. a5 dxc4 22.
dxc4 Qxh3 23. Bg2 Qe6 24. Kh2 Ng4+ 25. Kg1 Qg6 26. Bh3 Qh5 27. Kg2 Rcd8 28. f3
Rd2+ 29. Re2 Rxe2+ 30. Nxe2 Nf6 31. Rd1 e4 32. Nd4 exf3+ 33. Nxf3 Qg6 34. Ne5
Qe4+ 35. Nf3 Nf5 36. Bxf5 Qxf5 37. Bxf6 gxf6 38. Qc3 Kg7 39. Rd4 Be5 40. Nxe5
fxe5 41. Rd6 Kh7 42. Qd3 Qxd3 43. Rxd3 Re7 44. Rd6 Kg7 45. Kf3 f6 46. Kg4 Kg6
47. e4 Rh7 48. c5 Re7 49. Rd8 Kh7 50. Kf5 Kg7 51. Rd6 Rf7 52. Ke6 Kg6 53. Rd7
Rxd7 54. Kxd7 f5 55. exf5+ Kxf5 56. Kc7 e4 57. Kxb7 e3 58. Kxa6 e2 59. b7 e1=Q
60. b8=Q Qe2+ 61. Ka7 Qa2 62. Qf4+ Kg6 63. a6 Kh5 64. Qf3+ Kg5 65. Qxc6 Qa5 66.
Qb6 Qc3 67. c6 Qg7+ 68. c7 Qd7 69. Kb8 Qe8+ 70. c8=R Qe5+ 71. Ka7 Kg4 72. Qg6+
Kh3 73. Qxh6+ Kg2 74. Qc6+ Kh3 75. Ka8 Qb2 76. a7 Kg4 77. Rg8+ Kf5 78. Qd5+ Kf6
79. Rb8 Qa3 80. Rb6+ 1-0

[Event "26. Copenhagen Open  (Politiken Cup)"]
[Site "Taastrup"]
[Date "2004.07.31"]
[Round "9"]
[White "Joensen, Hjalmar"]
[Black "Edvardsson, Hannu Kalervo"]
[Result "1-0"]
[WhiteElo "1618"]
[BlackElo "1289"]
[PlyCount "117"]
[EventDate "2004.07.24"]
[EventType "swiss"]
[EventRounds "10"]
[EventCountry "DEN"]
[SourceDate "2004.01.01"]

1. d4 d5 2. c4 e6 3. Nc3 a6 4. Bf4 Nf6 5. e3 Bd6 6. Bxd6 Qxd6 7. Qc2 O-O 8. Nf3
Nbd7 9. cxd5 exd5 10. Bd3 h6 11. h3 b5 12. g4 Ne4 13. Nxe4 dxe4 14. Bxe4 Rb8
15. Rc1 Bb7 16. Bxb7 Rxb7 17. O-O Qe6 18. Qc6 Qxc6 19. Rxc6 Nb8 20. Rc2 f6 21.
Rfc1 c6 22. Nd2 f5 23. Rc5 fxg4 24. hxg4 Rbf7 25. Ne4 Re7 26. Ng3 Ref7 27. R1c2
g6 28. f4 Re8 29. Kf2 Kg7 30. a3 Ref8 31. Ne2 Rf6 32. Nc1 Rh8 33. Nd3 h5 34. g5
Rd6 35. Ne5 Rf8 36. Nxc6 Nd7 37. R5c3 Nb6 38. Ne5 Nd5 39. Rc8 Rxc8 40. Rxc8 Re6
41. Kf3 Rd6 42. Ke4 Nb6 43. Rc7+ Kg8 44. b3 Kf8 45. f5 gxf5+ 46. Kxf5 Nd5 47.
Rc8+ Kg7 48. Ke4 Nb6 49. Rc7+ Kg8 50. Rc6 Rxc6 51. Nxc6 Kg7 52. Kf5 Nd5 53. e4
Ne3+ 54. Kf4 Nc2 55. d5 Kf7 56. e5 Ke8 57. g6 Nxa3 58. d6 b4 59. g7 1-0

[Event "26. Copenhagen Open  (Politiken Cup)"]
[Site "Taastrup"]
[Date "2004.07.31"]
[Round "9"]
[White "Jorgensen, Gert"]
[Black "Richards, Heather"]
[Result "1/2-1/2"]
[WhiteElo "2087"]
[BlackElo "2219"]
[PlyCount "120"]
[EventDate "2004.07.24"]
[EventType "swiss"]
[EventRounds "10"]
[EventCountry "DEN"]
[SourceDate "2004.01.01"]

1. d4 e6 2. c4 Bb4+ 3. Bd2 a5 4. e3 Nf6 5. Bd3 Nc6 6. a3 Bxd2+ 7. Nxd2 d6 8.
Ngf3 Qe7 9. O-O e5 10. Qc2 O-O 11. Bf5 a4 12. Bxc8 Rfxc8 13. dxe5 dxe5 14. Ne4
Nd7 15. Rad1 h6 16. Nc3 Nc5 17. Nd5 Qe6 18. e4 Ra6 19. Nb4 Rb6 20. Rd5 Nxb4 21.
axb4 Na6 22. Rxe5 Nxb4 23. Qxa4 Qxc4 24. b3 Qc6 25. Qa5 Nd3 26. Rd5 Rxb3 27.
Nd4 Qc3 28. Nxb3 Qxb3 29. Qd2 Nb4 30. Rd8+ Rxd8 31. Qxd8+ Kh7 32. Qxc7 Nd3 33.
Qg3 b5 34. Qf3 Qc4 35. h3 g6 36. Qe2 Qb3 37. Rd1 Nf4 38. Qd2 b4 39. Rc1 Nd3 40.
Rd1 Ne5 41. Qd5 Qc3 42. Rb1 Kg7 43. Rd1 Kh7 44. Qd4 Qc2 45. Ra1 Nd3 46. Ra8
Qc1+ 47. Kh2 Qf4+ 48. g3 Qxf2+ 49. Qxf2 Nxf2 50. Rb8 Nxe4 51. Rxb4 Ng5 52. Kg2
h5 53. h4 Ne6 54. g4 hxg4 55. Rxg4 Kh6 56. Kg3 g5 57. hxg5+ Nxg5 58. Ra4 Kg6
59. Kg4 Ne6 60. Ra5 Kf6 1/2-1/2

[Event "26. Copenhagen Open  (Politiken Cup)"]
[Site "Taastrup"]
[Date "2004.07.31"]
[Round "9"]
[White "Jorgensen, Mikkel"]
[Black "Frisk, Ellinor"]
[Result "1/2-1/2"]
[WhiteElo "1680"]
[BlackElo "2007"]
[PlyCount "63"]
[EventDate "2004.07.24"]
[EventType "swiss"]
[EventRounds "10"]
[EventCountry "DEN"]
[SourceDate "2004.01.01"]

1. d4 d5 2. e4 dxe4 3. Nc3 Nf6 4. f3 exf3 5. Nxf3 g6 6. Bc4 Bg7 7. Bg5 O-O 8.
O-O Bg4 9. h3 Bxf3 10. Rxf3 Nc6 11. Ne2 Ne4 12. Be3 Qd7 13. c3 Rad8 14. Qc2 Nd6
15. Bd3 e6 16. Raf1 Ne7 17. Ng3 Rde8 18. h4 Nef5 19. Nxf5 Nxf5 20. h5 Nxe3 21.
Rxe3 Rd8 22. Rh3 Qe7 23. Rff3 c5 24. Rfg3 Rd5 25. hxg6 fxg6 26. Rxh7 Kxh7 27.
Bxg6+ Kg8 28. Bh7+ Kh8 29. Rh3 Qf6 30. Bg6+ Kg8 31. Bh7+ Kh8 32. Bg6+ 1/2-1/2

[Event "26. Copenhagen Open  (Politiken Cup)"]
[Site "Taastrup"]
[Date "2004.07.31"]
[Round "9"]
[White "Konstatinov, Maxim"]
[Black "Fant, Goran"]
[Result "0-1"]
[WhiteElo "1517"]
[BlackElo "1997"]
[PlyCount "50"]
[EventDate "2004.07.24"]
[EventType "swiss"]
[EventRounds "10"]
[EventCountry "DEN"]
[SourceDate "2004.01.01"]

1. e4 e6 2. d4 d5 3. Nc3 Bb4 4. e5 c5 5. Qg4 Ne7 6. dxc5 Nbc6 7. Bd2 Nf5 8. Nf3
h5 9. Qf4 Bxc5 10. Bd3 Nce7 11. Bxf5 Nxf5 12. O-O Bd7 13. Ne2 Bb5 14. Rfe1 Qb6
15. Nc3 Bxf2+ 16. Kh1 h4 17. Nxd5 Ng3+ 18. hxg3 hxg3+ 19. Nh4 Qd8 20. Nf6+ gxf6
21. exf6 Qxd2 22. Rxe6+ fxe6 23. Qg4 O-O-O 24. Qxe6+ Kb8 25. Qg4 Rd4 0-1

[Event "26. Copenhagen Open  (Politiken Cup)"]
[Site "Taastrup"]
[Date "2004.07.31"]
[Round "9"]
[White "Korolev, Nikolaj"]
[Black "Marder, Simon"]
[Result "0-1"]
[WhiteElo "2148"]
[BlackElo "2054"]
[PlyCount "52"]
[EventDate "2004.07.24"]
[EventType "swiss"]
[EventRounds "10"]
[EventCountry "DEN"]
[SourceDate "2004.01.01"]

1. e4 d5 2. exd5 Qxd5 3. Nc3 Qa5 4. d4 Nf6 5. Nf3 c6 6. Bc4 Bf5 7. Bd2 Qb6 8.
Ne5 e6 9. Qe2 Qxd4 10. O-O-O Be7 11. Bg5 Qc5 12. f4 Nbd7 13. Bxf6 Nxf6 14. Bb3
h5 15. h3 h4 16. Rhe1 Rd8 17. Rxd8+ Bxd8 18. Nf3 Bc7 19. Qd2 Qd6 20. Nd4 Qxf4
21. Nxf5 Qxf5 22. Kb1 O-O 23. Bc4 Qf4 24. Qe2 Rd8 25. Rf1 Qe5 26. Qf3 Rd4 0-1

[Event "26. Copenhagen Open  (Politiken Cup)"]
[Site "Taastrup"]
[Date "2004.07.31"]
[Round "9"]
[White "Kotiranta, Vinni"]
[Black "Brorsen, Jacob Abildlund"]
[Result "0-1"]
[WhiteElo "1150"]
[BlackElo "1530"]
[PlyCount "100"]
[EventDate "2004.07.24"]
[EventType "swiss"]
[EventRounds "10"]
[EventCountry "DEN"]
[SourceDate "2004.01.01"]

1. d4 Nf6 2. Nf3 g6 3. g3 Bg7 4. Bg2 d6 5. Bg5 Nbd7 6. c3 O-O 7. Nbd2 c6 8. Qc2
Qc7 9. e4 e5 10. O-O Nh5 11. Rae1 Nb6 12. Re3 f6 13. Bh4 Bh6 14. Rd3 g5 15.
dxe5 dxe5 16. Rd1 gxh4 17. Nxh4 Be6 18. Nf5 Bxf5 19. exf5 Ng7 20. g4 Rad8 21.
Rxd8 Rxd8 22. Ne4 Ne8 23. Rxd8 Qxd8 24. Nc5 Qe7 25. b4 Nd6 26. Qd3 Nbc4 27. Be4
Nd2 28. f3 N2c4 29. Kg2 Be3 30. Ne6 Bh6 31. h4 Nb6 32. Kh3 Nxe4 33. fxe4 Qd7
34. Qc2 Qd2 35. Qxd2 Bxd2 36. g5 Nd7 37. Kg4 Bxc3 38. a3 Bb2 39. h5 Bxa3 40. h6
Bxb4 41. g6 a5 42. Nd8 a4 43. Nxb7 a3 44. Nd8 a2 45. gxh7+ Kxh7 46. Kh5 a1=Q
47. Nxc6 Qh1+ 48. Kg4 Qxe4+ 49. Kg3 Be1+ 50. Kh3 Qf3+ 0-1

[Event "26. Copenhagen Open  (Politiken Cup)"]
[Site "Taastrup"]
[Date "2004.07.31"]
[Round "9"]
[White "Laato, Antti"]
[Black "Dannevig, Oystein"]
[Result "0-1"]
[WhiteElo "2210"]
[BlackElo "2363"]
[PlyCount "82"]
[EventDate "2004.07.24"]
[EventType "swiss"]
[EventRounds "10"]
[EventCountry "DEN"]
[SourceDate "2004.01.01"]

1. e4 c5 2. Nf3 d6 3. Nc3 Nf6 4. d3 Nc6 5. g3 g6 6. Bg2 Bg7 7. O-O O-O 8. h3
Rb8 9. Be3 b5 10. Qd2 b4 11. Nd1 e5 12. Nh2 Nh5 13. Ng4 Nd4 14. c3 bxc3 15.
bxc3 Ne6 16. Bh6 f5 17. Bxg7 Nexg7 18. Nh2 f4 19. g4 f3 20. Nxf3 Nf4 21. Ne3
Rb7 22. d4 Rbf7 23. Nh2 Ba6 24. dxe5 Nxg2 25. Kxg2 Bxf1+ 26. Rxf1 dxe5 27. Qxd8
Rxd8 28. Nf3 Ne6 29. Nxe5 Nf4+ 30. Kh2 Rff8 31. N3c4 Ne2 32. Nc6 Rd3 33. Ne7+
Kg7 34. Nd5 Nxc3 35. Ne5 Rd1 36. Rxd1 Rxf2+ 37. Kg3 Nxd1 38. Nc6 Rxa2 39. e5 c4
40. e6 c3 41. Nd4 Rd2 0-1

[Event "26. Copenhagen Open  (Politiken Cup)"]
[Site "Taastrup"]
[Date "2004.07.31"]
[Round "9"]
[White "Laato, Samuli"]
[Black "Radovic, Slobodan"]
[Result "1/2-1/2"]
[WhiteElo "1667"]
[BlackElo "1382"]
[PlyCount "59"]
[EventDate "2004.07.24"]
[EventType "swiss"]
[EventRounds "10"]
[EventCountry "DEN"]
[SourceDate "2004.01.01"]

1. d4 Nf6 2. c4 e6 3. Nc3 b6 4. e4 d6 5. f3 Be7 6. Be3 a5 7. Bd3 O-O 8. Nge2
Ba6 9. Qc2 Ne8 10. g4 Bh4+ 11. Ng3 e5 12. O-O-O Nc6 13. Be2 exd4 14. Bxd4 Nxd4
15. Rxd4 Bg5+ 16. Kb1 Be3 17. Rdd1 g6 18. h4 Bf2 19. Rh3 Bxg3 20. Rxg3 Qxh4 21.
Rgg1 c6 22. Rh1 Qg5 23. Rh2 Kg7 24. Rf1 Qf4 25. Rfh1 Rh8 26. Qa4 Rc8 27. Qb3
Rb8 28. Qa4 Rc8 29. Qb3 Rb8 30. Qa4 1/2-1/2

[Event "26. Copenhagen Open  (Politiken Cup)"]
[Site "Taastrup"]
[Date "2004.07.31"]
[Round "9"]
[White "Laato, Tuomas"]
[Black "Carlsen, Ellen Oen"]
[Result "0-1"]
[WhiteElo "1394"]
[BlackElo "1183"]
[PlyCount "58"]
[EventDate "2004.07.24"]
[EventType "swiss"]
[EventRounds "10"]
[EventCountry "DEN"]
[SourceDate "2004.01.01"]

1. Nf3 Nf6 2. g3 g6 3. Bg2 Bg7 4. O-O O-O 5. d3 d5 6. Re1 c5 7. Nbd2 Nc6 8. e4
Qc7 9. exd5 Nxd5 10. Ng5 Nf6 11. Nb3 h6 12. Nf3 Ng4 13. Nxc5 Qb6 14. d4 Nxd4
15. Nxd4 Qxc5 16. c3 e5 17. h3 Nxf2 18. Kxf2 exd4 19. cxd4 Bxd4+ 20. Be3 Bxe3+
21. Rxe3 Re8 22. Qe1 Qf5+ 23. Kg1 Qc5 24. Kf2 Qb6 25. b3 Rxe3 26. Qxe3 Qf6+ 27.
Ke2 Qxa1 28. Qe8+ Kg7 29. a3 Bg4+ 0-1

[Event "26. Copenhagen Open  (Politiken Cup)"]
[Site "Taastrup"]
[Date "2004.07.31"]
[Round "9"]
[White "Larsen, Andreas"]
[Black "Jensen, Leif"]
[Result "0-1"]
[WhiteElo "1537"]
[BlackElo "2057"]
[PlyCount "80"]
[EventDate "2004.07.24"]
[EventType "swiss"]
[EventRounds "10"]
[EventCountry "DEN"]
[SourceDate "2004.01.01"]

1. b4 d5 2. Bb2 Nf6 3. e3 Bf5 4. Be2 e6 5. b5 a6 6. a4 axb5 7. axb5 Rxa1 8.
Bxa1 c5 9. h4 h6 10. Nh3 Nbd7 11. g4 Bg6 12. h5 Bh7 13. f4 Ne4 14. Nf2 Be7 15.
Nxe4 Bxe4 16. Bf3 Bxf3 17. Qxf3 Bf6 18. Bxf6 Nxf6 19. O-O Qd7 20. Nc3 d4 21.
Ne4 Nxe4 22. Qxe4 Qxb5 23. Qe5 O-O 24. exd4 Rd8 25. g5 Rd5 26. Qb8+ Kh7 27. Qf8
hxg5 28. Qxf7 Qd7 29. Qg6+ Kh8 30. fxg5 Qe7 31. Kh1 Rxg5 32. Rf8+ Qxf8 33. Qxg5
cxd4 34. Qg6 Qf6 35. Qe8+ Kh7 36. d3 Kh6 37. Kh2 Kg5 38. Qb5+ Kg4 39. Qxb7 Qf2+
40. Kh1 Kh3 0-1

[Event "26. Copenhagen Open  (Politiken Cup)"]
[Site "Taastrup"]
[Date "2004.07.31"]
[Round "9"]
[White "Larsen, Arne"]
[Black "Soraas, Torben"]
[Result "0-1"]
[WhiteElo "1823"]
[BlackElo "2107"]
[PlyCount "58"]
[EventDate "2004.07.24"]
[EventType "swiss"]
[EventRounds "10"]
[EventCountry "DEN"]
[SourceDate "2004.01.01"]

1. c4 c5 2. Nc3 Nc6 3. g3 g6 4. Bg2 Bg7 5. d3 d6 6. e4 e5 7. Nge2 Rb8 8. a3 a6
9. O-O Nge7 10. Rb1 b5 11. Be3 bxc4 12. dxc4 O-O 13. Nd5 Nxd5 14. cxd5 Nd4 15.
b4 Qb6 16. Nc3 Bd7 17. Bxd4 cxd4 18. Na4 Qb5 19. Nb2 Rfc8 20. Re1 Rc3 21. Bf1
Qb7 22. Nc4 Qc7 23. Rc1 Rxc1 24. Qxc1 Rc8 25. Qg5 Bb5 26. Na5 Qc3 27. Rd1 Qc2
28. Qg4 h5 29. Qf3 Rc3 0-1